Le Brésil (notice n° 2198779)

détails MARC
000 -LEADER
fixed length control field 01748cam a2200133 4500500
005 - DATE AND TIME OF LATEST TRANSACTION
control field 20260405085605.0
041 ## - LANGUAGE CODE
Language code of text/sound track or separate title fre
042 ## - AUTHENTICATION CODE
Authentication code dc
100 10 - MAIN ENTRY--PERSONAL NAME
Personal name Théry, Hervé
Relator term author
245 00 - TITLE STATEMENT
Title Le Brésil
260 ## - PUBLICATION, DISTRIBUTION, ETC.
Name of publisher, distributor, etc. Armand Colin,<br/>
Date of publication, distribution, etc. 2012.<br/>
520 ## - SUMMARY, ETC.
Summary, etc. Le Brésil est l’un des rares pays où l’expression « pays en voie de développement » a encore réellement un sens. Toujours l’un des plus grands pays exportateurs de minerais et de produits agricoles, il est aussi, désormais, un grand pays industriel, et la sixième puissance économique mondiale. Cette puissance s’exprime notamment par l’intégration nationale en cours. Le vieux modèle de l’« archipel brésilien » fait place à une unique entité (économique, politique et culturelle) qui intègre de plus en plus les milieux variés, de l’Amazonie à la Pampa, comme les diversités héritées de l’histoire et des métissages, qui sont une des richesses du pays. Toutefois, ces fortes inégalités spatiales et sociales fragilisent le Brésil. Malgré l’alternance politique amorcée par l’élection à la présidence de la République de Luís Inacio « Lula » da Silva puis de Dilma Rousseff, elles ne semblent pas se réduire et la question du modèle de développement reste entière. La nouvelle édition de cet ouvrage propose une cartographie, une iconographie et des données statistiques mises à jour et enrichies. Elle insiste sur les facteurs de changement, les dynamiques en cours, les phénomènes structurants de l’espace, et rappelle les faits historiques nécessaires à la compréhension des mécanismes de la croissance actuelle.
856 41 - ELECTRONIC LOCATION AND ACCESS
Uniform Resource Identifier <a href="https://shs.cairn.info/le-bresil--9782200281458?lang=fr&redirect-ssocas=7080">https://shs.cairn.info/le-bresil--9782200281458?lang=fr&redirect-ssocas=7080</a>

Pas d'exemplaire disponible.

PLUDOC

PLUDOC est la plateforme unique et centralisée de gestion des bibliothèques physiques et numériques de Guinée administré par le CEDUST. Elle est la plus grande base de données de ressources documentaires pour les Étudiants, Enseignants chercheurs et Chercheurs de Guinée.

Adresse

627 919 101/664 919 101

25 boulevard du commerce
Kaloum, Conakry, Guinée

Réseaux sociaux

Powered by Netsen Group @ 2025